Statistics for ilomilo Billie Eilish

Click here to take the quiz!

General Stats

  • This quiz has been taken 135 times
  • The average score is 137 of 184

Answer Stats

Answer% Correct
you
99%
a
99%
to
98%
i
97%
lie
96%
not
95%
worry
94%
but
94%
told
93%
maybe
91%
me
91%
the
90%
thats
87%
hurry
87%
so
87%
dont
85%
go
85%
its
85%
where
84%
be
84%
home
83%
wanna
83%
lonely
83%
know
82%
and
81%
did
81%
cold
80%
your
80%
whats
78%
should
77%
wont
77%
stay
77%
honey
76%
inside
76%
they
74%
close
73%
love
72%
friends
72%
get
71%
had
71%
way
71%
bury
71%
up
69%
never
68%
show
68%
keep
66%
if
65%
night
65%
like
65%
gonna
65%
ive
64%
give
64%
stars
62%
ours
61%
just
60%
remember
59%
my
58%
life
56%
another
56%
tell
55%
blurry
54%
cant
54%
eyes
54%
come
53%
even
52%
lose
52%
someone
50%
cause
49%
couldnt
49%
little
49%
worlds
49%
said
46%
youll
46%
theyre
46%
or
44%
might
43%
break
43%
die
38%
by
38%
mistake
37%
let
36%
upset
31%
care
31%
protect
29%
rescue
29%
ill
29%
day
27%
met
26%
wanted
25%
youd
25%
now
23%
tried
23%
was
16%
hoping
14%
yuo
9%
youte
0%

Score Distribution

Percentile by Number Answered

Percent of People with Each Score

Your Score History

You have not taken this quiz